000
00232 a2200097 4500
001
57565
100
_a
245
_a
Engineering Thermodynamics With Application
260
_a
USA
_b
Harper, Row
_c
1999
090
_c
35299
_d
35299
942
_a
NUST-CAE
_c
MONOGRAPH
_c
28112
999
_c
292638
_d
292638